000 nam a22 7a 4500
999 _c9729
_d9729
008 180206b ||||| |||| 00| 0 eng d
100 _aBhaduri,A.
_95834
245 _aDevelopment With Dignity
260 _aNew Delhi
_bNBT
_c2008